000 00501pam a2200205 a 4500
001 3824044
005 20180110071348.0
008 860611s1986 mau d 000 0 eng
010 _a 86016280
020 _a0877790256 :
_c$18.95
040 _aDLC
_cDLC
_dDLC
041 _aeng
080 _a610.321
082 0 0 _a610.321 WEB
_219
100 _a23
101 _aFJA
245 0 0 _aWebster's medical desk dictionary.
906 _a7
_bcbc
_corignew
_d1
_eocip
_f19
_gy-gencatlg
942 _2ddc
_cBK
999 _c39983
_d39983